Lataa...
Return of the native /
| Päätekijä: | |
|---|---|
| Aineistotyyppi: | Printed Book |
| Kieli: | English |
| Julkaistu: |
London :
MacMillan and Company Limited ,
1961.
|
| LEADER | 00507cam a2200157ua 4500 | ||
|---|---|---|---|
| 041 | |a eng | ||
| 082 | |a 823.308 |b HAR/RE | ||
| 100 | |a Hardy thomas, . | ||
| 245 | |a Return of the native / |c Hardy thomas. |h Textual Documents | ||
| 260 | |a London : |b MacMillan and Company Limited , |c 1961. | ||
| 300 | |a 485 ; . | ||
| 504 | |||
| 541 | |e 4171 | ||
| 942 | |c BK | ||
| 999 | |c 33168 |d 33168 | ||
| 952 | |0 0 |1 0 |4 0 |6 823_308000000000000 |7 0 |9 43625 |a KAUAET |b KAUAET |d 2012-04-07 |m 0 |o 823.308 |p KAU_KCAET-4171 |r 2012-04-07 |w 2012-04-07 |y BK | ||